| 000 | 00651nam a2200205 a 4500 | ||
|---|---|---|---|
| 003 | SISC | ||
| 005 | 20170118145142.0 | ||
| 008 | 110930s19uu xx 00 eng d | ||
| 020 | _a9780495798095 | ||
| 050 |
_aHD 30.3 _b.H35 2011 |
||
| 100 | _aHamilton, Cheryl. | ||
| 245 |
_aCommunicating for results : _ba guide for business and professions / _cCheryl Hamilton. |
||
| 250 | _a9th edition. | ||
| 260 |
_aAustralia : _bWadsworth Cengage Learning, _c2011. |
||
| 300 |
_a478 pages : _bcolor illustrations ; _c26 cm. |
||
| 500 | _aIncludes references and index. | ||
| 650 | _aCommunication in management. | ||
| 942 |
_cBK _2lcc _kFOR |
||
| 999 |
_c24913 _d24913 |
||